[Event "Chigorin Memorial 30th"]
[Site "St Petersburg"]
[Date "2023.10.25"]
[Round "5"]
[White "Kramarenko, Ekaterina"]
[Black "Khanmamedli, Tamerlan"]
[Result "0-1"]
[WhiteElo "1696"]
[BlackElo "1480"]
[PlyCount "71"]
[EventDate "2023.10.21"]
[EventType "swiss"]
[EventRounds "9"]
[EventCountry "RUS"]
[SourceTitle "Mega2024 Update 01"]
[Source "Chessbase"]
[SourceDate "2023.11.12"]
[SourceVersion "1"]
[SourceVersionDate "2023.11.12"]
[SourceQuality "1"]

1. e4 c5 2. Nf3 d6 3. c3 Nf6 4. Be2 Nc6 5. d4 cxd4 6. cxd4 g6 7. Nc3 Bg7 8. 0-0 0-0 9. h3 Nd7 10. Be3 b6 11. Rc1 Bb7 12. Bb5 a6 13. Ba4 b5 14. Bc2 Rc8 15. Qe2 Na5 16. Bg5 Re8 17. Rfd1 Qb6 18. h4 e6 19. Bf4 Nc4 20. Bb1 e5 21. dxe5 dxe5 22. Bg5 Nc5 23. Nd5 Bxd5 24. Rxd5 Ne6 25. Rcd1 Nd4 26. Nxd4 exd4 27. h5 Qe6 28. Qf3 Nb6 29. R5xd4 Bxd4 30. Rxd4 Qe5 31. Be3 Nc4 32. Rd7 Qe6 33. Bd4 Qxd7 34. Qf6 Qxd4 35. Qxd4 Ne5 36. Qd1 0-1